000 00353nam a2200145Ia 4500
008 210707s1982 xx 000 0 und d
041 _aeng
082 _aH891.2 THAM
100 _aTHAKUR (Ravindrnath)
245 _aMansukhlal majitiya.
260 _aIlahabad
_bLokbharati Prakashan
_c1982
300 _a77 p
563 _aHB
650 _aHindi Drama
999 _c180341
_d180341